| 000 | 00753nam a2200229Ia 4500 | ||
|---|---|---|---|
| 003 | GCL | ||
| 008 | 140319s9999 xx 000 0 ara d | ||
| 040 |
_aGCL / _cGCL |
||
| 082 | 0 | 4 |
_a404.09 _bا ا |
| 100 | 1 | _aوفاء كامل فايد | |
| 245 | 1 | 0 |
_aاتجاهات البحث اللسانى / _cوفاء كامل فايد |
| 700 | 1 | _aسعد عبدالعزيز | |
| 700 | 1 | _aافيتش، ميلكا | |
| 260 |
_aالقاهرة : _bالمجلس الاعلى للثقافة ، _c1996 |
||
| 300 |
_a463 ص ؛ _c22 سم |
||
| 490 |
_aالمشروع القومى للترجمة _v6 |
||
| 650 | 0 | 4 | _aاللغات |
| 650 | 0 | 4 | _aالاصوات اللغوية |
| 650 | 0 | 4 | _aاللغات - تاريخ |
| 650 | 0 | 4 | _aالصوتيات |
| 942 |
_2ddc _cBK |
||
| 999 |
_c52170 _d52170 |
||